000
00331nam a2200133Ia 4500
008
231017s9999 xx 000 0 und d
082
_a
625.8
082
_b
LID
245
0
_a
Technical basis of Austroads pavement design charts for light traffic
245
0
_c
Austroads
260
_b
Austroads
300
_c
30cm
942
_c
REP
999
_c
606149
_d
606149